| 000 | 00755cam a2200253 4500 | ||
|---|---|---|---|
| 999 |
_c7878 _d7878 |
||
| 001 | 2670728 | ||
| 003 | GZU | ||
| 005 | 20210513094921.0 | ||
| 008 | 740416s1974 ilua 001 0 eng | ||
| 010 | _a 73089107 | ||
| 020 | _a0256015457 | ||
| 040 |
_aDLC _cDLC _dDLC |
||
| 050 | 0 | 0 |
_aHF5726 _b.BON 1974 |
| 100 | 1 |
_aBonner, William H. _eauthor |
|
| 245 | 1 | 0 |
_aBetter business writing / _c[by] William H. Bonner. |
| 260 |
_aHomewood, Ill., _bRichrad D. Irwin, _c1974. |
||
| 300 |
_axiii, 468 p. _billus. _c24 cm. |
||
| 500 | _aIncludes index | ||
| 650 | 0 | _aCommercial correspondence. | |
| 650 | 0 | _aBusiness report writing. | |
| 650 | 0 | _aBusiness communication. | |
| 906 |
_a7 _bcbc _corignew _d2 _eopcn _f19 _gy-gencatlg |
||
| 942 |
_2lcc _cBK _h5726 _iBON _kHF |
||